000 00589nam a2200229Ia 4500
003 OSt
005 20220924152116.0
006 a|||||r|||| 00| 0
007 ta
008 220923b |||||||| |||| 00| 0 mar d
024 _a340853
037 _cTextual
040 _aARTS
_cARTS
_bmar
041 _2mar
_amar
082 _aO155,2N28,23, K0
100 _aTedulkar Vijay Au.
_9225557
245 0 _ashreemant
260 _c1960
650 _aMARATHI LITERATURE
_938000
942 _hO155,2N28,23, K0
_cTEXL
_2CC
999 _c468735
_d468735